000 00204 a2200097 4500
001 7809
100 _aCampbell, J C
245 _aDefense of the middle east
260 _a
_bF A P
_c
090 _c6258
_d6258
942 _aNUST-CAE
_cm
_c32776
999 _c242882
_d242882